000 01108cad a22002295a 4500
001 L149215
008 100204s20100201xxk f 000 0 eng d
020 _a9781409821700
035 _a(Sirsi) u149215
041 0 _aeng
110 2 _aUnited Kingdom
_bDepartment for Communities and Local Government
_94939
245 0 0 _aPlanning Act 2008
_bThe Infrastructure Planning (Fees) Regulations 2010 Guidance
_h[electronic resource]
260 _aLondon
_bDCLG
_c2010
520 _aNon-statutory guidance aids interpretation of the "Infrastructure Planning (Fees) Regulations 2010". Worked examples of how fees work in practice when making applications to Infrastructure Planning Commission (IPC).
590 _aKA
650 2 4 _aPLANNING ACT 2008
650 2 4 _aINFRASTRUCTURE PLANNING (FEES) REGULATIONS 2010
651 4 _aENGLAND AND WALES
690 _aENVIRONMENTAL AND LAND CONSULTANCY-PLANNING AND DEVELOPMENT
856 4 8 _uhttps://www.communities.gov.uk/publications/planningandbuilding/infrastructurefeesguidance
_zView this online document free of charge at www.communities.gov.uk...
942 _n0
999 _c110420
_d110420